000 01442nam a2200277Ia 4500
999 _c34950
_d34950
001 779
003 GE_BSU
005 20220927102353.0
008 181216s2006||||ge |||||||||||||| ||geo||
020 _a9994036041
040 _cGE_BSU
041 _ageo
080 _a338.22(075.8)+005(075.8)+338.24(075.8)+338+43(075.8+338.242(075.8+631.115(075.8) ბ–66
245 _aბიზნეს მენეჯმენტი სოფლის მეურნეობაში :
_bნაწ.1 /
_cს. თურმანიძე, გ. ჭკადუა, გ. ვაშაკიძე, ი. ძირკვაძე ; [რედ.: გ. ჭკადუა].
264 _aთბილისი :
_bთობალისი,
_c2006.
300 _a273 გვ.;
_b ცხრ.
520 _aრეზ. ინგლ. ენ.
653 _aბიზნეს მენეჯმენტი სოფლის მეურნეობაში
653 _aსაბაზრო ეკონომიკის მართვა
653 _aფერმერული მეურნეობები
700 _aთურმანიძე, ს.
_eავტორი
_91807
700 _aვაშაკიძე, გ.
_eავტორი
_914827
700 _aძირკვაძე, ი.
_eავტორი
_91806
700 _aჭკადუა, გ.
_eავტორი, რედაქტორი.
_914828
942 _cBK
_2udc